000 02073cam a22003975i 4500
001 23836453
003 BJBSDDR
005 20260428175711.0
006 a|||||r|||| 00| 0
007 ta
008 240823s2024 nyu r 000 0 eng
010 _a 2024945023
020 _a9781785515668
_q(hardback)
035 _a23836453
040 _aDLC
_beng
_erda
_cDLC
_dDLC
041 _aeng
042 _apcc
050 _bM649p 2024
100 1 _aMiller, Marc H.
_948182
245 1 4 _aThe panorama of the City of New York :
_bQueens Museum, New York /
_cLynn Maliszewski, Lauren Haynes, Mark H Miller, Kenneth T Jackson, Valerie Paley, Vyjayanthi Rao.
264 1 _aNew York :
_bScala Arts Publishers, Inc.,
_c2024.
300 _a159 pages :
_billustrations ;
_c27 cm
336 _atext
_btxt
_2rdacontent
337 _aunmediated
_bn
_2rdamedia
338 _avolume
_bnc
_2rdacarrier
520 _a"Library of Congress Cataloging-in-Publication Data: Names: Lynn Maliszewski with Lauren Haynes, Editors I Title: The Panorama of the City of New York, Queens Museum, New York, in association with Scala Arts Publishers, Inc. New York I Description: Published for 60th anniversary of The Panorama of the City of New York, national treasure and the largest model in the world. Unseen archival photographs from the Queens Museum revealing the Panorama's history and significance. Contributors: Mark H. Miller, Kenneth T. Jackson, Valerie Paley and Vyjayanthi Rao I Identifiers: LCCN 2024000000 I ISBN 9781785515668 (hbk.) I Subjects: New York | Museums | Queens Museum"--
_cProvided by publisher.
700 1 _aMaliszewski, Lynn
_eeditor.
_948183
700 1 _aHaynes, Lauren
_eeditor.
_948184
700 1 _aJackson, Kenneth T.,
_d1939-
_eauthor.
_944738
700 1 _aPaley, Valerie
_eauthor.
_948185
700 1 _aRao, Vyjayanthi Venuturupalli.
_eauthor.
_941310
906 _a0
_bibc
_corignew
_d2
_eepcn
_f20
_gy-gencatlg
942 _2lcc
_n0
_cBK
946 _illh
999 _c126944
_d126944